| Tag |
First Indicator |
Second Indicator |
Subfields |
| LEADER |
00000cam a2200000 4500 |
| 001 |
in00000058875 |
| 005 |
20151008051004.0 |
| 008 |
730814s1973 nju 00000 eng |
| 010 |
|
|
|a 73014500
|
| 020 |
|
|
|a 0810806622
|
| 035 |
|
|
|a (OCoLC)00698915
|
| 035 |
|
|
|9 AAG4806AM
|
| 040 |
|
|
|a DLC
|c DLC
|d OCL
|d TXA
|d UtOrBLW
|
| 049 |
|
|
|a TXAM
|c 1 [1338506]
|c 2 [1338507]
|
| 050 |
0 |
0 |
|a Z1035.1
|b .T35
|
| 082 |
0 |
|
|a 028.7/076
|
| 100 |
1 |
|
|a Taylor, Margaret,
|d 1930-
|
| 245 |
1 |
0 |
|a Basic reference sources ;
|b a self-study manual.
|
| 250 |
|
|
|a 1st ed.
|
| 264 |
|
1 |
|a Metuchen, N.J. :
|b Scarecrow Press,
|c 1973.
|
| 300 |
|
|
|a xvii, 297 pages ;
|c 28 cm.
|
| 336 |
|
|
|a text
|b txt
|2 rdacontent
|
| 337 |
|
|
|a unmediated
|b n
|2 rdamedia
|
| 338 |
|
|
|a volume
|b nc
|2 rdacarrier
|
| 650 |
|
0 |
|a Reference books
|x Problems, exercises, etc.
|
| 999 |
|
|
|a MARS
|
| 999 |
f |
f |
|s b6754b4f-5888-3d7a-bf26-38990f9984dc
|i 966e3a4d-05f4-39c2-a23e-a8d7a507e79d
|t 0
|
| 952 |
f |
f |
|p ric
|a Texas A&M University
|b Rellis Campus
|c Joint Library Facility
|s JLF
|d Remote Storage
|t 0
|e Z1035.1 .T35
|h Library of Congress classification
|i unmediated -- volume
|m A14805754685
|
| 998 |
f |
f |
|a Z1035.1 .T35
|t 0
|l Remote Storage
|